[Event "16th Delhi Open 2018"]
[Site "New Delhi IND"]
[Date "2018.01.10"]
[Round "2.7"]
[White "Tiviakov, Sergei"]
[Black "Matta, Vinay Kumar"]
[Result "1-0"]
[WhiteTitle "GM"]
[BlackTitle "FM"]
[WhiteElo "2584"]
[BlackElo "2269"]
[WhiteFideId "1008013"]
[BlackFideId "5016649"]
[EventDate "2018.01.09"]

1. e4 e5 2. Nf3 Nc6 3. Bb5 a6 4. Ba4 Nf6 5. d3 d6 6. c4 g6 7. Nc3 Bg7 8. Nd5 h6
9. Nb4 Bd7 10. Nxc6 bxc6 11. c5 O-O 12. O-O Qe7 13. Re1 dxc5 14. Qc2 Rfd8 15.
Be3 Bf8 16. Rac1 Bg4 17. Nd2 Be6 18. b3 Ng4 19. Bxc5 Qxc5 20. Qxc5 Bxc5 21. Rxc5
Rxd3 22. Nf3 Rad8 23. Bxc6 Nf6 24. Kf1 Nh5 25. Bb7 Nf4 26. Bxa6 Bh3 27. Bxd3
Bxg2+ 28. Kg1 Nxd3 29. Kxg2 Nxc5 30. Nxe5 Rd2 31. b4 Ne6 32. a4 g5 33. a5 f6 34.
Nc6 Nf4+ 35. Kg3 h5 36. a6 Ra2 37. Na5 Nd3 38. a7 Nxe1 39. a8=Q+ Kg7 40. Qd5
Ra3+ 41. Nb3 1-0

[Event "16th Delhi Open 2018"]
[Site "New Delhi IND"]
[Date "2018.01.10"]
[Round "2.8"]
[White "Srinath, Rao S.V."]
[Black "Karthikeyan, Murali"]
[Result "0-1"]
[WhiteTitle "FM"]
[BlackTitle "GM"]
[WhiteElo "2270"]
[BlackElo "2580"]
[WhiteFideId "5028876"]
[BlackFideId "5074452"]
[EventDate "2018.01.09"]

1. e4 c5 2. c3 Nf6 3. e5 Nd5 4. d4 cxd4 5. Nf3 Nc6 6. cxd4 d6 7. Bc4 Nb6 8. Bb5
dxe5 9. Nxe5 Bd7 10. Nxd7 Qxd7 11. Nc3 Rd8 12. Be3 e6 13. O-O Bb4 14. Bxc6 bxc6
15. Qg4 Bxc3 16. bxc3 O-O 17. Rfe1 Kh8 18. Rab1 Nd5 19. Bd2 c5 20. dxc5 Nf6 21.
Qd4 Qc6 22. Qe3 Ng4 23. Qe2 Qxc5 24. c4 Qd6 25. Qxg4 Qxd2 26. Qe2 Qa5 27. Rb5
Qc7 28. g3 h6 29. Rc1 Rd6 30. Qb2 Rfd8 31. Qe2 Qc6 32. Rb2 Qc5 33. Qf3 f5 34.
Rb5 Qc8 35. Re5 Qc6 36. Qxc6 Rxc6 37. Rc2 Kg8 38. f4 Kf7 39. Kf2 Rd4 40. c5 g5
41. Kf3 Ke7 42. Rb2 Ra6 43. Rc2 gxf4 44. gxf4 Raa4 45. Rce2 Rxf4+ 46. Kg3 Rg4+
47. Kf2 Raf4+ 48. Ke1 Re4 49. R5xe4 Rxe4 50. Rxe4 fxe4 51. Ke2 Kf6 52. Ke3 Ke5
53. c6 Kd6 54. Kxe4 Kxc6 55. Ke5 Kd7 56. a4 Ke7 57. h3 a5 58. h4 h5 59. Kd4 Kd6
60. Kc4 e5 0-1

[Event "16th Delhi Open 2018"]
[Site "New Delhi IND"]
[Date "2018.01.10"]
[Round "2.9"]
[White "Solodovnichenko, Yuri"]
[Black "Saurabh, Anand"]
[Result "1-0"]
[WhiteTitle "GM"]
[WhiteElo "2571"]
[BlackElo "2251"]
[WhiteFideId "14104369"]
[BlackFideId "5094496"]
[EventDate "2018.01.09"]

1. e4 e5 2. Nf3 Nc6 3. Bb5 a6 4. Ba4 Nf6 5. O-O Be7 6. Re1 b5 7. Bb3 d6 8. c3
O-O 9. h3 Na5 10. Bc2 c5 11. d4 Nd7 12. dxc5 dxc5 13. Nbd2 Qc7 14. Nf1 Nb6 15.
Ne3 Rd8 16. Qe2 Be6 17. Nf5 f6 18. N3h4 Bf8 19. g4 Qf7 20. Kh2 Nb7 21. Rg1 Kh8
22. g5 g6 23. gxf6 gxf5 24. exf5 Bc4 25. Qg4 Rd7 26. Bg5 Bd3 27. Bxd3 Rxd3 28.
Qe4 Qd7 29. f7 Rd6 30. Bf6+ 1-0

[Event "16th Delhi Open 2018"]
[Site "New Delhi IND"]
[Date "2018.01.10"]
[Round "2.10"]
[White "Ghosh, Diptayan"]
[Black "Nayak, Rajesh"]
[Result "1/2-1/2"]
[WhiteTitle "GM"]
[WhiteElo "2556"]
[BlackElo "2247"]
[WhiteFideId "5045207"]
[BlackFideId "35017152"]
[EventDate "2018.01.09"]

1. Nf3 Nf6 2. g3 g6 3. Bg2 Bg7 4. d4 O-O 5. O-O d6 6. b3 c6 7. Bb2 Qa5 8. Nbd2
Qh5 9. e4 Bh3 10. Re1 Nbd7 11. Qe2 Rad8 12. Rad1 Bxg2 13. Kxg2 Qa5 14. a4 Ne8
15. e5 Nc7 16. Nc4 Qd5 17. Kg1 dxe5 18. dxe5 Qe6 19. Ng5 Qf5 20. h4 Nb6 21. Ne3
Qc8 22. c4 h6 23. Ne4 Rxd1 24. Rxd1 Rd8 25. h5 Ne6 26. Rxd8+ Qxd8 27. hxg6 fxg6
28. Qg4 Nf8 29. Qe2 Kh7 30. f4 Nbd7 31. Kg2 Qb6 32. Qd3 Ne6 33. a5 Qc7 34. b4 a6
35. Nd2 Qd8 36. f5 Nxe5 37. fxg6+ Nxg6 38. Qxd8 Nxd8 39. Bxg7 Kxg7 40. Nf5+ Kh7 1/2-1/2

[Event "16th Delhi Open 2018"]
[Site "New Delhi IND"]
[Date "2018.01.10"]
[Round "2.11"]
[White "Praveen, Kumar C"]
[Black "David, Alberto"]
[Result "0-1"]
[WhiteTitle "IM"]
[BlackTitle "GM"]
[WhiteElo "2241"]
[BlackElo "2553"]
[WhiteFideId "5007372"]
[BlackFideId "4000013"]
[EventDate "2018.01.09"]

1. d4 Nf6 2. c4 e6 3. Nc3 Bb4 4. e3 O-O 5. Ne2 d5 6. a3 Be7 7. cxd5 exd5 8. b4
c6 9. g3 Na6 10. Bg2 Nc7 11. f3 a5 12. Rb1 axb4 13. axb4 b6 14. O-O Ba6 15. e4
Bc4 16. e5 Nfe8 17. Re1 Na6 18. Ba3 Nec7 19. Nf4 c5 20. dxc5 Nxb4 21. Bxb4 bxc5
22. Ncxd5 Nxd5 23. Nxd5 Bxd5 24. Bc3 Ra3 25. Qc1 Qa8 26. Rd1 c4 27. Rf1 Rb3 28.
Kh1 Rfb8 29. Ra1 Qc6 30. Qd2 h6 31. Rad1 R8b5 32. Qd4 Bb4 33. Bxb4 R3xb4 34. Rc1
Rb3 35. Kg1 Rd3 36. Qf2 Qb7 37. Qd4 Qc6 38. Qf2 Qb7 39. Rc2 0-1

[Event "16th Delhi Open 2018"]
[Site "New Delhi IND"]
[Date "2018.01.10"]
[Round "2.12"]
[White "Sivuk, Vitaly"]
[Black "Singh, S. Vikramjit"]
[Result "1-0"]
[WhiteTitle "GM"]
[WhiteElo "2550"]
[BlackElo "2227"]
[WhiteFideId "14116502"]
[BlackFideId "5006090"]
[EventDate "2018.01.09"]

1. d4 d5 2. Nf3 Bg4 3. c4 Bxf3 4. gxf3 dxc4 5. e3 e6 6. Bxc4 c6 7. Qb3 Qb6 8.
Nc3 Qxb3 9. Bxb3 Nd7 10. f4 g6 11. e4 Ngf6 12. Be3 Bb4 13. f3 O-O 14. Kf2 Rfe8
15. Rac1 Bf8 16. Ne2 Bh6 17. Ng3 Bg7 18. Rhg1 Nb6 19. h4 h5 20. Rc5 Rad8 21. Ra5
Nc8 22. f5 exf5 23. exf5 Kf8 24. fxg6 fxg6 25. Ne2 Ne7 26. Nf4 Nfd5 27. Ne6+ Kf7
28. Nxd8+ Rxd8 29. Rxa7 Rd7 30. Rd1 Nf5 31. Bxd5+ cxd5 32. Rd3 Re7 33. Ra4 Rc7
34. Rc3 Re7 35. Rb4 Bf6 36. Bg5 Bxg5 37. hxg5 h4 38. Rcb3 b5 39. Kg2 Re2+ 40.
Kh3 Ke6 41. a4 Ne3 42. Rxe3+ Rxe3 43. axb5 Rxf3+ 44. Kxh4 Kd7 45. b6 Kc8 46. Kg4
Rd3 47. b7+ Kb8 48. Kf4 Rd1 49. Kg4 Rd3 50. Kf4 Rd1 51. Ke5 Rf1 52. Kxd5 1-0

[Event "16th Delhi Open 2018"]
[Site "New Delhi IND"]
[Date "2018.01.10"]
[Round "2.13"]
[White "Dodeja, Pawan"]
[Black "Tran, Tuan Minh"]
[Result "0-1"]
[BlackTitle "GM"]
[WhiteElo "2239"]
[BlackElo "2548"]
[WhiteFideId "5012686"]
[BlackFideId "12401820"]
[EventDate "2018.01.09"]

1. d4 Nf6 2. c4 e6 3. g3 c5 4. d5 exd5 5. cxd5 d6 6. Nc3 g6 7. Nf3 Bg7 8. Bg2
O-O 9. O-O Re8 10. Nd2 Nbd7 11. Nc4 Ne5 12. Nxe5 Rxe5 13. Bf4 Re8 14. h3 a6 15.
a4 Nd7 16. Ne4 Ne5 17. Bg5 f6 18. Bd2 Bf5 19. Bc3 Qd7 20. h4 Bxe4 21. Bxe4 f5
22. Bg2 b5 23. axb5 axb5 24. b3 Qe7 25. Qd2 b4 26. Bb2 Ng4 27. Bf3 Bxb2 28. Qxb2
Qe5 29. Qc1 Nf6 30. Rxa8 Rxa8 31. h5 Kf7 32. hxg6+ hxg6 33. Kg2 Rg8 34. Qg5 Ne4
35. Qc1 Rh8 36. Qc2 Kf6 37. Qd3 g5 38. Kg1 Nc3 39. e3 g4 40. Bg2 Ne4 41. Rc1 Ra8
42. Rc4 Ra1+ 43. Bf1 Nxg3 44. Rf4 Rxf1+ 45. Kg2 Qa1 0-1

[Event "16th Delhi Open 2018"]
[Site "New Delhi IND"]
[Date "2018.01.10"]
[Round "2.14"]
[White "Lalith, Babu M R"]
[Black "Ram, S. Krishnan"]
[Result "1-0"]
[WhiteTitle "GM"]
[WhiteElo "2542"]
[BlackElo "2223"]
[WhiteFideId "5024595"]
[BlackFideId "5010519"]
[EventDate "2018.01.09"]

1. c4 e5 2. g3 f5 3. Bg2 Nf6 4. Nf3 e4 5. Ng5 c6 6. d3 d5 7. dxe4 fxe4 8. cxd5
cxd5 9. O-O Bf5 10. Nh3 Nc6 11. Bg5 Qd7 12. Nf4 O-O-O 13. Nc3 Be6 14. Rc1 Kb8
15. Nxe6 Qxe6 16. Qb3 Qf5 17. Bxf6 gxf6 18. Rfd1 Bh6 19. e3 Ne5 20. Nb5 Rd7 21.
Qa4 Nc6 22. Rxc6 bxc6 23. Nd4 Qg4 24. h3 Qg7 25. Nxc6+ Ka8 26. Nd4 1-0

[Event "16th Delhi Open 2018"]
[Site "New Delhi IND"]
[Date "2018.01.10"]
[Round "2.15"]
[White "Senthil, Maran K"]
[Black "Vaibhav, Suri"]
[Result "0-1"]
[BlackTitle "GM"]
[WhiteElo "2221"]
[BlackElo "2542"]
[WhiteFideId "25035681"]
[BlackFideId "5045185"]
[EventDate "2018.01.09"]

1. d4 Nf6 2. c4 e6 3. g3 d5 4. Bg2 Be7 5. Nf3 O-O 6. O-O c6 7. Qc2 b6 8. Nbd2
Bb7 9. e4 Na6 10. a3 c5 11. e5 Nd7 12. dxc5 bxc5 13. cxd5 exd5 14. Re1 Nc7 15.
Nf1 Re8 16. Ne3 Bf8 17. Nf5 Ne6 18. h4 Qb6 19. Bd2 d4 20. b4 Rac8 21. Qa4 c4 22.
Rad1 Bc6 23. Qc2 d3 24. Qc3 Qb7 25. N5d4 Nxd4 26. Qxd4 Bxf3 27. Bxf3 Qxf3 28.
Qxd7 Red8 29. Qxa7 c3 30. Bxc3 Rxc3 31. Rd2 Rc2 32. Red1 0-1

[Event "16th Delhi Open 2018"]
[Site "New Delhi IND"]
[Date "2018.01.10"]
[Round "2.16"]
[White "Masango, Spencer"]
[Black "Pruijssers, Roeland"]
[Result "0-1"]
[BlackTitle "GM"]
[WhiteElo "2215"]
[BlackElo "2536"]
[WhiteFideId "14300753"]
[BlackFideId "1013068"]
[EventDate "2018.01.09"]

1. Nf3 f5 2. d4 Nf6 3. Bg5 e6 4. Nbd2 Be7 5. Bxf6 Bxf6 6. e4 d5 7. e5 Be7 8. Bd3
O-O 9. h4 b6 10. Qe2 c5 11. c3 Nc6 12. g4 fxg4 13. Ng5 Bxg5 14. hxg5 Rf4 15.
Bxh7+ Kf7 16. Qe3 Qxg5 17. O-O-O cxd4 18. cxd4 Nxd4 19. Ne4 Ne2+ 20. Kb1 dxe4
21. Qxe2 Qxe5 22. Rd8 Rb8 23. Qd2 Ba6 24. Qd7+ Kf6 25. Bg8 Rb7 26. Rf8+ Kg5 27.
Qd8+ Rf6 28. Bf7 Bd3+ 29. Ka1 Qc7 30. f4+ Kxf4 31. Qd4 Qc5 32. Qd8 Rbxf7 33.
Rxf7 Rxf7 34. Qb8+ Kg5 0-1

[Event "16th Delhi Open 2018"]
[Site "New Delhi IND"]
[Date "2018.01.10"]
[Round "2.17"]
[White "Karthikeyan, P."]
[Black "Patil, Pratik"]
[Result "1-0"]
[WhiteTitle "IM"]
[WhiteElo "2497"]
[BlackElo "2217"]
[WhiteFideId "5018226"]
[BlackFideId "5038758"]
[EventDate "2018.01.09"]

1. Nf3 Nf6 2. c4 g6 3. Nc3 d5 4. cxd5 Nxd5 5. Qb3 Nb6 6. d4 Bg7 7. Bf4 O-O 8. e3
c6 9. Be2 N8d7 10. O-O Nf6 11. Rfd1 Be6 12. Qc2 Bc8 13. Qb3 Be6 14. Qc2 Nbd5 15.
Bg3 Bf5 16. Qc1 Nxc3 17. bxc3 Ne4 18. a4 Qa5 19. Ra3 Nxg3 20. hxg3 Rfd8 21. Qb2
Rd7 22. Nd2 e5 23. Nb3 Qc7 24. Nc5 exd4 25. cxd4 Re7 26. Bf3 Rd8 27. Rc1 h5 28.
a5 Rd6 29. Qb4 Bc8 30. Rb3 Bf8 31. Rcb1 Rf6 32. Qc3 Kh7 33. e4 Rd6 34. e5 Rd8
35. Be4 Bg7 36. f4 Kg8 37. Kh2 Bf8 38. Nxb7 Bxb7 39. Rxb7 Qxb7 40. Rxb7 Rxb7 41.
Bxc6 Rb1 42. d5 Bb4 43. Qc2 Re1 44. a6 Ba5 45. g4 hxg4 46. Kg3 Re3+ 47. Kxg4 Be1
48. f5 Rxe5 49. fxg6 f6 50. Qb1 Kg7 51. Qc2 Kg8 52. Qb1 Kg7 53. Qb7+ Kxg6 54.
Bd7 Rh8 55. Be6 Rh7 56. Qb1+ Kh6 57. Qc1+ Kg7 58. Qb1 Kh6 59. Qc1+ Kg7 60. Kf4
Bf2 1-0

[Event "16th Delhi Open 2018"]
[Site "New Delhi IND"]
[Date "2018.01.10"]
[Round "2.18"]
[White "Lokesh, N."]
[Black "Nguyen, Duc Hoa"]
[Result "1/2-1/2"]
[BlackTitle "GM"]
[WhiteElo "2200"]
[BlackElo "2490"]
[WhiteFideId "5025044"]
[BlackFideId "12401358"]
[EventDate "2018.01.09"]

1. e4 c5 2. Nf3 Nc6 3. Nc3 e6 4. d4 cxd4 5. Nxd4 Qc7 6. Be2 a6 7. O-O Nf6 8. Kh1
d6 9. f4 Be7 10. Bf3 O-O 11. g4 Nd7 12. g5 Nxd4 13. Qxd4 b5 14. f5 Bb7 15. Bg2
Qd8 16. f6 gxf6 17. gxf6 Bxf6 18. Qxd6 Be5 19. Qd2 Rc8 20. Qf2 b4 21. Ne2 Rxc2
22. Bf4 Qc7 23. Bh6 Bg7 24. Bxg7 Kxg7 25. Rad1 f6 26. Nd4 Rxf2 27. Nxe6+ Kf7 28.
Nxc7 Rxf1+ 29. Bxf1 Ne5 30. Nxa6 Bxe4+ 31. Bg2 Nd3 32. Rf1 Bxg2+ 33. Kxg2 Ra8
34. Rd1 Nf4+ 35. Kf3 Rxa6 36. Kxf4 Rxa2 37. Rd2 Ra5 38. Rd7+ Kg6 39. Rb7 Ra4 40.
b3 Ra2 41. h3 1/2-1/2

[Event "16th Delhi Open 2018"]
[Site "New Delhi IND"]
[Date "2018.01.10"]
[Round "2.19"]
[White "Horvath, Adam1"]
[Black "Srija, Seshadri"]
[Result "1-0"]
[WhiteTitle "GM"]
[BlackTitle "WIM"]
[WhiteElo "2484"]
[BlackElo "2203"]
[WhiteFideId "708003"]
[BlackFideId "5055903"]
[EventDate "2018.01.09"]

1. e4 e5 2. Nf3 Nc6 3. Bc4 Nf6 4. d3 Bc5 5. O-O O-O 6. h3 h6 7. c3 d6 8. Re1 a6
9. Bb3 Ba7 10. Nbd2 Ne7 11. Nf1 Ng6 12. Ng3 Be6 13. d4 Re8 14. Be3 exd4 15. Nxd4
c5 16. Nxe6 fxe6 17. Qf3 Ne5 18. Qe2 Qc7 19. f4 Nf7 20. Rad1 b5 21. Bc2 Rad8 22.
Nh5 Nxh5 23. Qxh5 d5 24. exd5 exd5 25. Bf2 d4 26. cxd4 cxd4 27. Bb3 Rxe1+ 28.
Rxe1 Kf8 29. Bh4 d3+ 30. Kh2 Qxf4+ 31. Bg3 Qf6 32. Qd1 Rd7 33. Rf1 Qg6 34. Qf3
Kg8 35. Qa8+ Kh7 36. Qe8 Rd8 37. Qxf7 Qxf7 38. Rxf7 Bd4 39. Bc7 Rc8 40. Rd7 Bxb2
41. Bg3 a5 42. Be6 Rc5 43. Rxd3 Kg6 44. Rf3 h5 45. Bf7+ Kh6 46. Re3 a4 47. Bd6
Rf5 48. Re6+ Bf6 49. Be7 h4 50. Rb6 Kg5 51. Bxf6+ gxf6 52. Be8 Rf2 53. Rxb5+ f5
54. Ra5 Rxa2 55. Rxa4 Rd2 56. Bc6 Rc2 57. Ra6 Rc1 58. Bf3 Kf4 59. Rh6 Kg5 60.
Ra6 Kf4 61. Rh6 Kg5 62. Ra6 Kf4 63. Rh6 1-0

[Event "16th Delhi Open 2018"]
[Site "New Delhi IND"]
[Date "2018.01.10"]
[Round "2.20"]
[White "Ramu, K."]
[Black "Deepan, Chakkravarthy J."]
[Result "0-1"]
[WhiteTitle "FM"]
[BlackTitle "GM"]
[WhiteElo "2192"]
[BlackElo "2475"]
[WhiteFideId "5006171"]
[BlackFideId "5011132"]
[EventDate "2018.01.09"]

1. e4 c5 2. Nf3 e6 3. d3 Nc6 4. g3 d5 5. Nbd2 Nf6 6. Bg2 Be7 7. O-O b6 8. Re1
Bb7 9. a3 h5 10. exd5 Nxd5 11. d4 cxd4 12. Nb3 h4 13. Nfxd4 Nxd4 14. Qxd4 hxg3
15. hxg3 Qc8 16. Qxg7 Bf6 17. Qg4 Qxc2 18. Bg5 Bxg5 19. Nd4 Qh7 20. Qxg5 Qh2+
21. Kf1 Qxg2+ 22. Ke2 Qe4+ 0-1

[Event "16th Delhi Open 2018"]
[Site "New Delhi IND"]
[Date "2018.01.10"]
[Round "3.1"]
[White "Rathnakaran, K."]
[Black "Naiditsch, Arkadij"]
[Result "1/2-1/2"]
[WhiteTitle "IM"]
[BlackTitle "GM"]
[WhiteElo "2372"]
[BlackElo "2701"]
[WhiteFideId "5005507"]
[BlackFideId "4650891"]
[EventDate "2018.01.09"]

1. e4 e6 2. d4 d5 3. Nc3 Nf6 4. e5 Nfd7 5. Nce2 c5 6. c3 Nc6 7. f4 c4 8. Nf3 b5
9. g4 h5 10. gxh5 Rxh5 11. f5 exf5 12. Nf4 Rh8 13. Nxd5 Bb7 14. Bg2 Nb6 15. Nxb6
Qxb6 16. O-O O-O-O 17. a4 b4 18. Qc2 g6 19. Bg5 Rd7 20. Qe2 Na5 21. Rfe1 Rh5 22.
e6 fxe6 23. Qxe6 Qxe6 24. Rxe6 Bxf3 25. Re8+ Kc7 26. Bf4+ Bd6 27. Bxd6+ Kxd6 28.
Bxf3 bxc3 29. bxc3 Rh3 30. Kg2 Rdh7 31. Rae1 Rxh2+ 32. Kg1 R2h3 33. Kf2 Rh2+ 34.
Kg1 R2h3 1/2-1/2

[Event "16th Delhi Open 2018"]
[Site "New Delhi IND"]
[Date "2018.01.10"]
[Round "3.2"]
[White "Gukesh, D"]
[Black "Gupta, Abhijeet"]
[Result "0-1"]
[WhiteTitle "CM"]
[BlackTitle "GM"]
[WhiteElo "2354"]
[BlackElo "2610"]
[WhiteFideId "46616543"]
[BlackFideId "5010608"]
[EventDate "2018.01.09"]

1. Nf3 Nf6 2. g3 g6 3. Bg2 Bg7 4. O-O O-O 5. d4 d6 6. a4 Na6 7. d5 Nc5 8. Nd4 a5
9. Nc3 Bd7 10. e4 e5 11. dxe6 Nxe6 12. Nxe6 Bxe6 13. e5 dxe5 14. Bxb7 Rb8 15.
Bg2 Qxd1 16. Nxd1 Rfd8 17. Ne3 Ng4 18. b3 h5 19. Bb2 Nxe3 20. fxe3 f5 21. e4 Rd2
22. Rac1 fxe4 23. Bxe4 Bf8 24. Rf6 Bc5+ 25. Kh1 Bh3 26. Bc3 Re2 27. Bf3 Re3 28.
Bd2 Kg7 29. Bxe3 Bxe3 30. Re1 Kxf6 31. Rxe3 Rd8 32. Kg1 Bf5 33. Rc3 Rd2 34. Rc6+
Ke7 35. Rxc7+ Kd6 36. Rc6+ Kd7 37. Rc5 e4 38. Bg2 e3 39. Kf1 Bg4 40. Rd5+ Ke6
41. c4 Rd1+ 42. Rxd1 e2+ 0-1

[Event "16th Delhi Open 2018"]
[Site "New Delhi IND"]
[Date "2018.01.10"]
[Round "3.3"]
[White "Sammed Jaykumar, Shete"]
[Black "Rozum, Ivan"]
[Result "1-0"]
[BlackTitle "GM"]
[WhiteElo "2337"]
[BlackElo "2595"]
[WhiteFideId "5073421"]
[BlackFideId "24104272"]
[EventDate "2018.01.09"]

1. e4 c6 2. d4 d5 3. e5 Bf5 4. Nf3 e6 5. Be2 Nd7 6. O-O Bb4 7. c3 Ba5 8. b4 Bc7
9. a4 f6 10. Bf4 Ne7 11. Bg3 Ng6 12. exf6 Nxf6 13. Nbd2 O-O 14. Re1 Nh5 15. Bxc7
Qxc7 16. a5 Rae8 17. Bf1 Nf6 18. Ne5 Nxe5 19. dxe5 Ng4 20. Qe2 c5 21. h3 Nh6 22.
Qe3 Rc8 23. Nb3 cxb4 24. cxb4 Qe7 25. b5 Bc2 26. Nd4 Bg6 27. Rac1 Nf7 28. a6 b6
29. Rxc8 Rxc8 30. Rc1 Rc7 31. Rc6 Nd8 32. Rd6 Be8 33. Be2 Bd7 34. Bg4 Rc4 35.
Kh2 g6 36. Be2 Rc7 37. Bg4 Kg7 38. Qg3 Rc4 39. Bxe6 Bxe6 40. Rxe6 Qf8 41. Rf6
Qe8 42. Nf5+ Kg8 43. Nd6 Qe7 44. Nxc4 dxc4 45. f4 Qc5 46. f5 c3 47. fxg6 h6 48.
g7 Nf7 49. Rxf7 1-0

[Event "16th Delhi Open 2018"]
[Site "New Delhi IND"]
[Date "2018.01.10"]
[Round "3.4"]
[White "Sengupta, Deep"]
[Black "Hafiz, Arif Abdul"]
[Result "1/2-1/2"]
[WhiteTitle "GM"]
[BlackTitle "FM"]
[WhiteElo "2586"]
[BlackElo "2324"]
[WhiteFideId "5008352"]
[BlackFideId "7104227"]
[EventDate "2018.01.09"]

1. e4 c5 2. Nc3 Nc6 3. Bb5 g6 4. Bxc6 bxc6 5. d3 Bg7 6. f4 d6 7. Nf3 Nh6 8. O-O
f6 9. h3 Nf7 10. Be3 e5 11. fxe5 Nxe5 12. Nxe5 fxe5 13. Qd2 Be6 14. a3 a5 15.
Na4 Bf7 16. b3 O-O 17. Bg5 Qc7 18. Rf2 Be6 19. Raf1 Rfb8 20. Rf3 Bf8 21. Qf2 Bg7
22. Qh4 Qa7 23. Kh1 Qc7 24. Be3 Rf8 25. Rxf8+ Rxf8 26. Rxf8+ Bxf8 27. Qf6 Bf7
28. Bg5 c4 29. dxc4 d5 30. c5 dxe4 31. b4 axb4 32. axb4 h6 33. Be3 Be7 34. Qf1
Qa7 35. Nb6 Qa3 36. Qe1 h5 37. Nd7 Qa2 38. Nxe5 Qxc2 39. Nxc6 Bf6 40. b5 Be8 41.
Qf1 Qc3 42. Qf2 Bxc6 43. bxc6 Be5 44. g3 Qa1+ 45. Kg2 Qa4 46. Bf4 Bxf4 47. Qxf4
Qxc6 48. Qb8+ Kf7 49. Qa7+ Ke6 50. Qb6 Kd5 51. h4 Qxc5 52. Qxg6 Qc2+ 53. Kh3 Qe2
54. Qf7+ Kd4 55. Qa7+ Kd3 56. Qa3+ Kd2 57. Qa5+ Kd3 58. Qb5+ Ke3 59. Qc5+ Kd2
60. Qa5+ Kd1 61. Qa1+ Kd2 1/2-1/2

[Event "16th Delhi Open 2018"]
[Site "New Delhi IND"]
[Date "2018.01.10"]
[Round "3.5"]
[White "Kaustuv, Kundu"]
[Black "Tiviakov, Sergei"]
[Result "1/2-1/2"]
[BlackTitle "GM"]
[WhiteElo "2324"]
[BlackElo "2584"]
[WhiteFideId "5056900"]
[BlackFideId "1008013"]
[EventDate "2018.01.09"]

1. c4 e5 2. g3 Nf6 3. Bg2 d5 4. cxd5 Nxd5 5. Nc3 Ne7 6. Nf3 Nbc6 7. O-O g6 8. b4
a6 9. a4 Nxb4 10. Nxe5 a5 11. Ne4 Bg7 12. Bb2 O-O 13. Qc1 Ned5 14. Nc4 f6 15. d3
b6 16. Qd2 Be6 17. Rfc1 Qd7 18. Nc3 Rad8 19. Nb5 Na6 20. Ne3 Ndb4 21. Nd4 Bh3
22. Bf3 c5 23. Nb5 Be6 24. Nc4 Bxc4 25. Rxc4 Nc7 26. Nxc7 Qxc7 27. Bc3 f5 28.
Rb1 Bxc3 29. Qxc3 Qg7 30. Qb3 Kh8 31. Rd1 Rd6 32. e3 Rfd8 33. d4 Qf7 34. Rdc1
cxd4 35. exd4 Kg7 36. Rc7 R8d7 37. Rxd7 Rxd7 38. d5 Nxd5 39. Bxd5 Qxd5 40. Qxb6
Re7 41. Qb2+ Qe5 42. Qxe5+ Rxe5 43. Rc7+ 1/2-1/2

[Event "16th Delhi Open 2018"]
[Site "New Delhi IND"]
[Date "2018.01.10"]
[Round "3.6"]
[White "Karthikeyan, Murali"]
[Black "Mitrabha, Guha"]
[Result "1/2-1/2"]
[WhiteTitle "GM"]
[BlackTitle "FM"]
[WhiteElo "2580"]
[BlackElo "2319"]
[WhiteFideId "5074452"]
[BlackFideId "5057000"]
[EventDate "2018.01.09"]

1. e4 c6 2. d4 d5 3. e5 Bf5 4. Nf3 e6 5. Be2 Ne7 6. O-O Ng6 7. Ne1 h5 8. g3 Bh3
9. Ng2 h4 10. g4 c5 11. c3 Nc6 12. Qd3 Bxg2 13. Kxg2 Qb6 14. Rd1 Rc8 15. Qb5 h3+
16. Kf1 Qxb5 17. Bxb5 a6 18. Bxc6+ Rxc6 19. Be3 cxd4 20. cxd4 f6 21. exf6 gxf6
22. Nd2 Bd6 23. Nf3 Nh4 24. Ng1 Ng6 25. Nf3 Nh4 26. Ng1 Ng2 27. Rd3 Bxh2 28.
Nxh3 Nxe3+ 29. Rxe3 Bb8 30. Rae1 Kd7 31. Rf3 Rh4 32. g5 f5 33. Ng1 b5 34. Rh3
Rxh3 35. Nxh3 Ba7 36. Rd1 Rc4 37. Nf4 Rxd4 38. Rxd4 Bxd4 39. b3 Ke7 40. g6 Bg7
41. Nh5 Bh6 42. f4 Kf8 43. Ke2 Bg7 44. Kd3 Ba1 45. Ke2 Ke7 46. Kf3 e5 47. fxe5
Bxe5 48. Ke3 d4+ 49. Kf3 Ke6 50. Kf2 f4 51. Ke2 Ke7 52. Ke1 a5 53. Ke2 a4 54.
bxa4 bxa4 55. Ke1 Ke6 56. Ke2 Ke7 1/2-1/2

[Event "16th Delhi Open 2018"]
[Site "New Delhi IND"]
[Date "2018.01.10"]
[Round "3.7"]
[White "Saravana, Krishnan P."]
[Black "Solodovnichenko, Yuri"]
[Result "0-1"]
[BlackTitle "GM"]
[WhiteElo "2323"]
[BlackElo "2571"]
[WhiteFideId "5018382"]
[BlackFideId "14104369"]
[EventDate "2018.01.09"]

1. e4 c5 2. Nf3 d6 3. Bc4 Nf6 4. Qe2 e6 5. c3 Be7 6. O-O O-O 7. Bb3 b6 8. d3
Nbd7 9. Nbd2 Bb7 10. Rd1 Qc7 11. Nf1 Rac8 12. Ng3 Rfe8 13. d4 Bf8 14. Bd2 a6 15.
Rac1 b5 16. Re1 g6 17. h4 h5 18. Ng5 Bg7 19. Bc2 cxd4 20. cxd4 Qb6 21. Nf3 Ng4
22. Be3 Nxe3 23. fxe3 Nf6 24. Nh2 e5 25. d5 Bh6 26. Ngf1 Qa5 27. Ra1 Qb4 28. Bd3
Re7 29. a3 Qb3 30. Reb1 Rec7 31. Nd2 Qa4 32. Rf1 Bg7 33. b3 Qa5 34. a4 Qb4 35.
axb5 axb5 36. Ra2 Rc1 37. Ra7 R8c7 38. g3 Bh6 39. Ra1 Rxa1 40. Rxa1 Qc5 41. Ndf1
Qc3 42. Rb1 b4 43. Nd2 Ba6 44. Bxa6 Bxe3+ 45. Kg2 Qxd2 46. Qxd2 Bxd2 47. Rd1 Rc2
48. Bd3 Rb2 49. Kh3 Bc3 50. Rf1 Kg7 51. g4 Rxb3 52. g5 Nd7 53. Bb5 Nc5 54. Be8
Bd2+ 55. Nf3 Bf4 0-1

[Event "16th Delhi Open 2018"]
[Site "New Delhi IND"]
[Date "2018.01.10"]
[Round "3.8"]
[White "David, Alberto"]
[Black "Roy Chowdhury, Saptarshi"]
[Result "1/2-1/2"]
[WhiteTitle "GM"]
[BlackTitle "GM"]
[WhiteElo "2553"]
[BlackElo "2318"]
[WhiteFideId "4000013"]
[BlackFideId "5002974"]
[EventDate "2018.01.09"]

1. e4 c5 2. Nf3 Nc6 3. Bb5 d6 4. O-O Bd7 5. Re1 Nf6 6. h3 a6 7. Bf1 e5 8. c3 Be7
9. d4 Qc7 10. d5 Na5 11. b3 b5 12. Na3 h6 13. Bd2 Nh7 14. c4 b4 15. Nc2 O-O 16.
Bd3 Nb7 17. Qe2 a5 18. a4 Bg5 19. Nxg5 hxg5 20. Ne3 f6 21. g3 Rae8 22. f3 Nd8
23. Kg2 Nf7 24. Rh1 Nh6 25. h4 Qc8 26. g4 Nf7 27. Qf2 Re7 28. Rh2 g6 29. Rah1
gxh4 30. Rxh4 Nfg5 31. Kf1 Rg7 32. Ke2 Qe8 33. Rh6 Rff7 34. Bc2 Re7 35. Qh2 Bc8
36. Ng2 Bd7 37. Nh4 Bc8 38. Be3 Rc7 39. Nxg6 Qxg6 40. Rxg6 Rxg6 41. Bd1 Rgg7 42.
Kd3 Nf7 43. Qf2 Nhg5 44. Rh5 Bd7 45. Qh2 Be8 46. Rh4 Rc8 47. Be2 Rc7 48. Kd2 Rc8
49. Ke1 Rd8 50. Kf2 Rc8 51. Bd3 Rd8 52. Bc2 Rc8 53. Bb1 Rd8 54. Bd3 Kf8 55. Rh5
Ke7 56. Ke2 Bd7 57. Rh4 Rc8 58. Qf2 Rgg8 59. Qg1 Rg7 60. Qh2 Rgg8 61. Qg1 Rg7
62. Qh2 Rgg8 1/2-1/2